[Event "2. Bundesliga Ost 2018/2019"]
[Site "alle Wien"]
[Date "2019.01.12"]
[Round "6"]
[Board "1"]
[White "Jankovic, Alojzije"]
[Black "Penz, Harald"]
[Result "1-0"]
[WhiteElo "2543"]
[BlackElo "2317"]
[PlyCount "79"]
[EventDate "2018.10.06"]
[EventType "team"]
[EventRounds "11"]
[EventCountry "AUT"]
[WhiteTeam "SK Advisory Invest Baden"]
[BlackTeam "SK Hietzing"]

1. d4 d5 2. Nf3 Nf6 3. c4 c5 4. cxd5 cxd4 5. Qxd4 Qxd5 6. Nc3 Qxd4 7. Nxd4 a6
8. g3 e5 9. Nc2 Bd7 10. e4 Bc5 11. f3 Nc6 12. Bc4 Nd4 13. Nxd4 Bxd4 14. Bd2 Rc8
15. Bb3 O-O 16. Ke2 Be6 17. Bxe6 fxe6 18. Rhc1 Nd7 19. Nd1 Nb8 20. Rxc8 Rxc8
21. Bc3 Nc6 22. Nf2 Ba7 23. Nd3 Nd4+ 24. Bxd4 Bxd4 25. Kd2 Kf7 26. a4 Ke7 27.
Ra3 Kd6 28. Rb3 Rc7 29. Rb4 Bg1 30. h4 Bh2 31. Rb6+ Ke7 32. g4 Bg1 33. Rb4 Kd6
34. h5 g6 35. f4 exf4 36. e5+ Kd5 37. Rxf4 gxh5 38. gxh5 Bd4 39. Rg4 Rf7 40.
Rg8  1-0

[Event "2. Bundesliga Ost 2018/2019"]
[Site "alle Wien"]
[Date "2019.01.12"]
[Round "6"]
[Board "2"]
[White "Belke, Frank"]
[Black "Rubil, Marko"]
[Result "1-0"]
[WhiteElo "2300"]
[BlackElo "2207"]
[PlyCount "57"]
[EventDate "2018.10.06"]
[EventType "team"]
[EventRounds "11"]
[EventCountry "AUT"]
[WhiteTeam "SK Hietzing"]
[BlackTeam "SK Advisory Invest Baden"]

1. d4 d5 2. c4 c6 3. Nf3 Nf6 4. Nc3 dxc4 5. a4 Bf5 6. Ne5 Nbd7 7. Nxc4 Nb6 8.
Nxb6 axb6 9. Bg5 Bg6 10. e3 e6 11. Bc4 Bd6 12. e4 e5 13. dxe5 Bxe5 14. Qxd8+
Rxd8 15. f3 Rd4 16. Be2 Rb4 17. O-O-O O-O 18. Kc2 Nd5 19. Rxd5 cxd5 20. Be7 Rd4
21. Bxf8 dxe4 22. f4 e3+ 23. Kb3 Bxf4 24. Ba3 Rd2 25. Bf3 Bc2+ 26. Ka2 Be5 27.
Re1 Bd4 28. Nb5 Bxa4 29. Nxd4  1-0

[Event "2. Bundesliga Ost 2018/2019"]
[Site "alle Wien"]
[Date "2019.01.12"]
[Round "6"]
[Board "3"]
[White "Ly, Dominik"]
[Black "Schroll, Gerhard"]
[Result "1/2-1/2"]
[WhiteElo "2238"]
[BlackElo "2304"]
[PlyCount "61"]
[EventDate "2018.10.06"]
[EventType "team"]
[EventRounds "11"]
[EventCountry "AUT"]
[WhiteTeam "SK Advisory Invest Baden"]
[BlackTeam "SK Hietzing"]

1. e4 c6 2. d4 d5 3. Nc3 dxe4 4. Nxe4 Nd7 5. Ng5 Ngf6 6. Bc4 e6 7. Qe2 Nb6 8.
Bd3 h6 9. Ne4 Nxe4 10. Qxe4 Qd5 11. Nf3 Qxe4+ 12. Bxe4 Bd6 13. O-O Nd5 14. c4
Nf6 15. Bc2 O-O 16. Re1 b6 17. h3 Bb7 18. Be3 Rfc8 19. b3 c5 20. Ne5 Rd8 21.
Rad1 Kf8 22. Kf1 Rac8 23. Nd3 Ne4 24. dxc5 Nxc5 25. Nxc5 Bxc5 26. Bxc5+ bxc5
27. Rxd8+ Rxd8 28. Be4 Bxe4 29. Rxe4 Ke7 30. Ke2 Rd6 31. Ke1  1/2-1/2

[Event "2. Bundesliga Ost 2018/2019"]
[Site "alle Wien"]
[Date "2019.01.12"]
[Round "6"]
[Board "4"]
[White "Mozny, Milos"]
[Black "Dzierzenga, Stefan"]
[Result "1-0"]
[WhiteElo "2283"]
[BlackElo "2212"]
[PlyCount "67"]
[EventDate "2018.10.06"]
[EventType "team"]
[EventRounds "11"]
[EventCountry "AUT"]
[WhiteTeam "SK Hietzing"]
[BlackTeam "SK Advisory Invest Baden"]

1. d4 Nf6 2. Nf3 c5 3. c4 cxd4 4. Nxd4 e5 5. Nb5 d5 6. cxd5 Bc5 7. e3 O-O 8.
N5c3 e4 9. a3 Qe7 10. b4 Bd6 11. Nd2 Be5 12. Bb2 Rd8 13. Qc2 Bf5 14. Be2 Nxd5
15. Nxd5 Rxd5 16. Bxe5 Qxe5 17. O-O Nc6 18. Rad1 Rad8 19. Nc4 Qf6 20. Rxd5 Rxd5
21. Rd1 Rxd1+ 22. Qxd1 h6 23. h3 Qc3 24. Nd6 Bg6 25. h4 h5 26. g3 Qxa3 27. Bxh5
Bxh5 28. Qxh5 Qb3 29. Kg2 Nxb4 30. Qb5 a5 31. Qe8+ Kh7 32. Nxf7 Qd5 33. g4 g6
34. Qh8#  1-0

[Event "2. Bundesliga Ost 2018/2019"]
[Site "alle Wien"]
[Date "2019.01.12"]
[Round "6"]
[Board "5"]
[White "Trippold, Denise"]
[Black "Djeno, Drago"]
[Result "0-1"]
[WhiteElo "2171"]
[BlackElo "2253"]
[PlyCount "94"]
[EventDate "2018.10.06"]
[EventType "team"]
[EventRounds "11"]
[EventCountry "AUT"]
[WhiteTeam "SK Advisory Invest Baden"]
[BlackTeam "SK Hietzing"]

1. d4 Nf6 2. c4 c5 3. d5 g6 4. Nc3 d6 5. e4 Bg7 6. h3 O-O 7. Nf3 Na6 8. Bd3 e6
9. O-O Nb4 10. Be2 exd5 11. cxd5 Re8 12. a3 Na6 13. Qc2 Nc7 14. Re1 Rb8 15. Bf4
b5 16. Bf1 b4 17. axb4 Rxb4 18. Rxa7 Ncxd5 19. Bxd6 Qxd6 20. exd5 Bf5 21. Rxe8+
Nxe8 22. Qe2 Qb8 23. Qa6 Bc8 24. Qc6 Bb7 25. Qxc5 Rxb2 26. Ra5 Rc2 27. Nd4 Bf8
28. Qc4 Rc1 29. Nde2 Re1 30. Qb3 Qd8 31. Ra7 Bc8 32. Ne4 Bf5 33. N4g3 Bc5 34.
Ra2 Qf6 35. Nxf5 Qxf5 36. Ng3 Qf4 37. Qc3 Rc1 38. Qb3 Qd4 39. Kh2 Bd6 40. Kg1
Bxg3 41. Re2 Nf6 42. Qxg3 Qd1 43. Kh2 Qxf1 44. Qb8+ Kg7 45. Qe5 h5 46. h4 Qg1+
47. Kh3 Rc4  0-1

[Event "2. Bundesliga Ost 2018/2019"]
[Site "alle Wien"]
[Date "2019.01.12"]
[Round "6"]
[Board "6"]
[White "Prager, Manfred"]
[Black "Hofegger, Jakob"]
[Result "1/2-1/2"]
[WhiteElo "1970"]
[BlackElo "2128"]
[PlyCount "62"]
[EventDate "2018.10.06"]
[EventType "team"]
[EventRounds "11"]
[EventCountry "AUT"]
[WhiteTeam "SK Hietzing"]
[BlackTeam "SK Advisory Invest Baden"]

1. e4 e6 2. d4 d5 3. exd5 exd5 4. Bd3 Bd6 5. Qf3 Ne7 6. Ne2 Nbc6 7. c3 Be6 8.
Bf4 Ng6 9. Bg3 Qd7 10. h3 O-O-O 11. Nd2 Bxg3 12. fxg3 Rhe8 13. O-O-O Kb8 14.
Rhf1 Nce7 15. Rde1 Nc8 16. g4 f6 17. Ng3 Nd6 18. Qf2 Bf7 19. Nf5 Nxf5 20. Bxf5
Be6 21. Bd3 Re7 22. Re3 Rde8 23. Rfe1 Bf7 24. Nf1 Rxe3 25. Rxe3 Nf8 26. Rxe8+
Qxe8 27. Qe3 Qxe3+ 28. Nxe3 Kc8 29. Kd2 Kd7 30. g3 g6 31. a3 c6  1/2-1/2

[Event "2. Bundesliga Ost 2018/2019"]
[Site "alle Wien"]
[Date "2019.01.12"]
[Round "6"]
[Board "1"]
[White "Stanec, Nikolaus"]
[Black "Nagy, Bence"]
[Result "1-0"]
[WhiteElo "2473"]
[BlackElo "2381"]
[PlyCount "111"]
[EventDate "2018.10.06"]
[EventType "team"]
[EventRounds "11"]
[EventCountry "AUT"]
[WhiteTeam "SC Donaustadt"]
[BlackTeam "SK Austria"]

1. Nf3 Nf6 2. d4 g6 3. Nbd2 d5 4. e3 Bg7 5. b4 Nbd7 6. c4 c6 7. Bb2 O-O 8. Be2
Re8 9. h3 Ne4 10. cxd5 Nxd2 11. Qxd2 cxd5 12. O-O Nb6 13. a4 Bf5 14. Rfc1 Rc8
15. Rc5 Qd6 16. a5 Nd7 17. Rcc1 Nf6 18. Ba3 Ne4 19. Qb2 Rxc1+ 20. Rxc1 Rc8 21.
b5 Rxc1+ 22. Qxc1 Qd8 23. a6 Qd7 24. axb7 Qxb7 25. Nd2 Nxd2 26. Qxd2 e5 27. Bc5
exd4 28. exd4 Bf8 29. Qb4 Bxc5 30. dxc5 Qb8 31. b6 axb6 32. cxb6 Bc8 33. Qc5
Bb7 34. Bb5 Qd8 35. Kf1 h5 36. Ke2 h4 37. Qc7 Qf6 38. Qxb7 Qb2+ 39. Ke3 Qxb5
40. Qc8+ Kh7 41. b7 d4+ 42. Kxd4 Qb4+ 43. Kd5 Qd2+ 44. Kc6 Qc3+ 45. Kd7 Qd4+
46. Ke7 Qe5+ 47. Kxf7 Qd5+ 48. Qe6 Qxb7+ 49. Qe7 Qxe7+ 50. Kxe7 Kh6 51. Kf6 Kh5
52. f4 g5 53. f5 g4 54. Ke5 gxh3 55. gxh3 Kg5 56. f6  1-0

[Event "2. Bundesliga Ost 2018/2019"]
[Site "alle Wien"]
[Date "2019.01.12"]
[Round "6"]
[Board "2"]
[White "Hangweyrer, Manfred"]
[Black "Pingitzer, Harald"]
[Result "1/2-1/2"]
[WhiteElo "2351"]
[BlackElo "2314"]
[PlyCount "82"]
[EventDate "2018.10.06"]
[EventType "team"]
[EventRounds "11"]
[EventCountry "AUT"]
[WhiteTeam "SK Austria"]
[BlackTeam "SC Donaustadt"]

1. e4 c6 2. d3 d5 3. Nd2 e5 4. Ngf3 Bd6 5. d4 exd4 6. exd5 cxd5 7. Bb5+ Nc6 8.
O-O Nge7 9. Nb3 O-O 10. Nbxd4 Bg4 11. Be2 Qd7 12. Be3 Rac8 13. Re1 a6 14. Qd2
Qc7 15. Nxc6 Nxc6 16. h3 Bxf3 17. Bxf3 d4 18. Bxd4 Nxd4 19. Qxd4 Rfd8 20. Qh4
g6 21. c3 b5 22. Rad1 a5 23. Bd5 Bf8 24. Re3 Rd7 25. Red3 Re8 26. g3 Re2 27.
Bf3 Rxd3 28. Bxe2 Rxd1+ 29. Bxd1 Qe5 30. Qd8 b4 31. Qd2 Qe6 32. Bb3 Qxh3 33.
Qd5 Qf5 34. Qxf5 gxf5 35. Bc2 bxc3 36. bxc3 f4 37. gxf4 Bd6 38. f5 Kg7 39. Kg2
Kf6 40. Kf3 h5 41. c4 Ke5  1/2-1/2

[Event "2. Bundesliga Ost 2018/2019"]
[Site "alle Wien"]
[Date "2019.01.12"]
[Round "6"]
[Board "3"]
[White "Froewis, Annika"]
[Black "Sardy, Peter"]
[Result "1/2-1/2"]
[WhiteElo "2113"]
[BlackElo "2315"]
[PlyCount "99"]
[EventDate "2018.10.06"]
[EventType "team"]
[EventRounds "11"]
[EventCountry "AUT"]
[WhiteTeam "SC Donaustadt"]
[BlackTeam "SK Austria"]

1. e4 c5 2. Nf3 e6 3. d4 cxd4 4. Nxd4 a6 5. Nc3 d6 6. Be2 b5 7. a3 Bb7 8. f4
Nd7 9. O-O Ngf6 10. Bf3 Qc7 11. Kh1 Be7 12. Qe2 O-O 13. Bd2 Rad8 14. Rad1 Rfe8
15. g4 d5 16. e5 Ne4 17. Nxe4 dxe4 18. Bxe4 Nxe5 19. Ba5 Qxa5 20. Bxb7 Qb6 21.
Bxa6 Rxd4 22. Rxd4 Nc6 23. Qxb5 Qxd4 24. Qxc6 Rd8 25. Qb7 Bd6 26. Bd3 g6 27.
Qe4 Qxb2 28. f5 exf5 29. gxf5 Qe5 30. Qxe5 Bxe5 31. a4 Bc3 32. Rf4 Rd4 33. Rxd4
Bxd4 34. a5 Kg7 35. Kg2 Kf6 36. fxg6 hxg6 37. Bc4 Ke7 38. Kf3 f5 39. a6 g5 40.
h3 g4+ 41. hxg4 fxg4+ 42. Kxg4 Kd6 43. Kf4 Kc7 44. Ke4 Ba7 45. Kd5 Bb8 46. Kc5
Ba7+ 47. Kb5 Bb8 48. Bd5 Ba7 49. c4 Bb8 50. c5  1/2-1/2

[Event "2. Bundesliga Ost 2018/2019"]
[Site "alle Wien"]
[Date "2019.01.12"]
[Round "6"]
[Board "4"]
[White "Druckenthaner, Andreas"]
[Black "Schwab, Rene"]
[Result "1-0"]
[WhiteElo "2304"]
[BlackElo "2140"]
[PlyCount "135"]
[EventDate "2018.10.06"]
[EventType "team"]
[EventRounds "11"]
[EventCountry "AUT"]
[WhiteTeam "SK Austria"]
[BlackTeam "SC Donaustadt"]

1. e4 c6 2. d3 d5 3. Qe2 dxe4 4. dxe4 e5 5. Nf3 Bg4 6. Nbd2 Nd7 7. Nc4 f6 8. g3
Qc7 9. Bg2 O-O-O 10. O-O g5 11. c3 h5 12. Ne3 Nh6 13. b4 Be6 14. Bd2 Be7 15. c4
h4 16. Nd5 cxd5 17. cxd5 Qd6 18. dxe6 Nb6 19. Be3 hxg3 20. hxg3 Qd3 21. Qxd3
Rxd3 22. Rfd1 Rxd1+ 23. Rxd1 Rd8 24. Rxd8+ Kxd8 25. a3 Nc4 26. Bc1 a5 27. Nd2
Nxd2 28. Bxd2 axb4 29. axb4 Bd6 30. Bf1 Ng8 31. Bc4 Ne7 32. b5 Kc7 33. Ba5+ b6
34. Bc3 Bc5 35. Kg2 Ng6 36. Kf3 Kd6 37. Kg4 Ne7 38. f4 gxf4 39. gxf4 exf4 40.
Kxf4 Ng6+ 41. Kf5 Ne7+ 42. Kxf6 Kc7 43. Kf7 Kd8 44. Bf6 Bb4 45. Bd5 Bc5 46. Bc6
Bd6 47. Bd7 Bc5 48. Bg5 Bd6 49. Be3 Kc7 50. Ke8 Ng6 51. Bg5 Ne5 52. Bd8+ Kb7
53. e7 Bb4 54. Be6 Bc5 55. Kf8 Nf3 56. Kg7 Bxe7 57. Bxe7 Nd4 58. Bc4 Kc7 59.
Kf6 Kd7 60. e5 Kc7 61. e6 Nf3 62. Bb4 Nh2 63. Be2 Kd8 64. Bd6 Kc8 65. Bxh2 Kd8
66. e7+ Ke8 67. Bh5+ Kd7 68. e8=Q#  1-0

[Event "2. Bundesliga Ost 2018/2019"]
[Site "alle Wien"]
[Date "2019.01.12"]
[Round "6"]
[Board "5"]
[White "Kropik, Martin"]
[Black "Newrkla, Katharina"]
[Result "0-1"]
[WhiteElo "2098"]
[BlackElo "2176"]
[PlyCount "50"]
[EventDate "2018.10.06"]
[EventType "team"]
[EventRounds "11"]
[EventCountry "AUT"]
[WhiteTeam "SC Donaustadt"]
[BlackTeam "SK Austria"]

1. d4 Nf6 2. c4 g6 3. Nc3 Bg7 4. e4 d6 5. f4 O-O 6. Nf3 c5 7. d5 b5 8. cxb5 a6
9. a4 axb5 10. Bxb5 Na6 11. O-O Nb4 12. h3 Ba6 13. Be3 Bxb5 14. axb5 Rxa1 15.
Qxa1 Nd7 16. Bf2 Nb6 17. Qa7 Nd3 18. e5 Nxf4 19. exd6 exd6 20. Bh4 Qb8 21. Qxb8
Rxb8 22. Bg3 Nbxd5 23. Nxd5 Nxd5 24. Rd1 Ne3 25. Rxd6 Nf5  0-1

[Event "2. Bundesliga Ost 2018/2019"]
[Site "alle Wien"]
[Date "2019.01.12"]
[Round "6"]
[Board "6"]
[White "Wiedermann, Franz"]
[Black "Pichler, Andreas"]
[Result "1-0"]
[WhiteElo "2121"]
[BlackElo "2071"]
[PlyCount "53"]
[EventDate "2018.10.06"]
[EventType "team"]
[EventRounds "11"]
[EventCountry "AUT"]
[WhiteTeam "SK Austria"]
[BlackTeam "SC Donaustadt"]

1. d4 Nf6 2. c4 e6 3. Nf3 d5 4. g3 Be7 5. Bg2 O-O 6. O-O c5 7. cxd5 exd5 8. Nc3
h6 9. Be3 Ng4 10. Bf4 Be6 11. dxc5 Bxc5 12. Nd4 Nc6 13. Nxe6 fxe6 14. Bh3 Rxf4
15. gxf4 Qh4 16. Bxg4 Qxg4+ 17. Kh1 Qxf4 18. e3 Qh4 19. Qf3 Bd6 20. Qg2 Rf8 21.
f4 Rf5 22. Rg1 g5 23. Raf1 Kh8 24. Rf3 Qh5 25. Rh3 Qg6 26. fxg5 Rxg5 27. Qxg5
 1-0

[Event "2. Bundesliga Ost 2018/2019"]
[Site "alle Wien"]
[Date "2019.01.13"]
[Round "7"]
[Board "1"]
[White "Nagy, Bence"]
[Black "Horvath, Dominik"]
[Result "0-1"]
[WhiteElo "2381"]
[BlackElo "2447"]
[PlyCount "82"]
[EventDate "2018.10.06"]
[EventType "team"]
[EventRounds "11"]
[EventCountry "AUT"]
[WhiteTeam "SK Austria"]
[BlackTeam "ASVOE Pamhagen"]

1. e4 e5 2. Nf3 Nc6 3. Bb5 a6 4. Ba4 Nf6 5. O-O Be7 6. Re1 b5 7. Bb3 O-O 8. c3
d6 9. h3 Re8 10. Ng5 Rf8 11. Nf3 Bb7 12. d4 Re8 13. Nbd2 Bf8 14. Bc2 g6 15. d5
Nb8 16. Nf1 c6 17. dxc6 Bxc6 18. Bg5 Nbd7 19. Ne3 Qc7 20. Ng4 Nxg4 21. hxg4 a5
22. Nd2 Qb7 23. Qf3 Nc5 24. Rad1 Rac8 25. Nf1 b4 26. c4 a4 27. b3 axb3 28. axb3
Ra8 29. Bc1 Ra2 30. Bb1 Ra1 31. Nd2 Rxb1 32. Nxb1 Bxe4 33. Qe2 Bxg2 34. Nd2 Bc6
35. f3 e4 36. fxe4 Nxe4 37. Nf1 Qc8 38. Rd3 Nc3 39. Qf2 Qxg4+ 40. Ng3 Rxe1+ 41.
Qxe1 h5  0-1

[Event "2. Bundesliga Ost 2018/2019"]
[Site "alle Wien"]
[Date "2019.01.13"]
[Round "7"]
[Board "2"]
[White "Lipka, Juraj"]
[Black "Hangweyrer, Manfred"]
[Result "1/2-1/2"]
[WhiteElo "2426"]
[BlackElo "2351"]
[PlyCount "44"]
[EventDate "2018.10.06"]
[EventType "team"]
[EventRounds "11"]
[EventCountry "AUT"]
[WhiteTeam "ASVOE Pamhagen"]
[BlackTeam "SK Austria"]

1. Nf3 Nf6 2. g3 d5 3. Bg2 g6 4. O-O Bg7 5. d4 O-O 6. c4 c6 7. cxd5 cxd5 8. Ne5
e6 9. Nc3 Nfd7 10. Nxd7 Bxd7 11. e3 Bc6 12. b3 Nd7 13. Ba3 Re8 14. Qd3 a6 15.
Rfc1 Rc8 16. Rc2 Nf6 17. Rac1 h5 18. h4 Qd7 19. Bc5 Qc7 20. Ba3 Qd7 21. Bc5 Qc7
22. Ba3 Qd7  1/2-1/2

[Event "2. Bundesliga Ost 2018/2019"]
[Site "alle Wien"]
[Date "2019.01.13"]
[Round "7"]
[Board "3"]
[White "Sardy, Peter"]
[Black "Alvir, Aco"]
[Result "1/2-1/2"]
[WhiteElo "2315"]
[BlackElo "2303"]
[PlyCount "155"]
[EventDate "2018.10.06"]
[EventType "team"]
[EventRounds "11"]
[EventCountry "AUT"]
[WhiteTeam "SK Austria"]
[BlackTeam "ASVOE Pamhagen"]

1. e4 c5 2. Nc3 g6 3. h4 Bg7 4. h5 Nc6 5. d3 d6 6. h6 Bf8 7. Nge2 e5 8. Nd5 Be6
9. c3 Bxd5 10. exd5 Nb8 11. g3 Nf6 12. c4 Be7 13. Bh3 O-O 14. O-O Nbd7 15. Nc3
a6 16. a4 Qc7 17. Bg5 Rac8 18. Qd2 Qd8 19. Be3 Kh8 20. Ne2 Ne8 21. Kg2 Qc7 22.
b3 f5 23. f4 Nef6 24. Ng1 e4 25. d4 Rf7 26. Ne2 Bf8 27. Rh1 b6 28. Qc3 Kg8 29.
Rag1 b5 30. Rh2 bxc4 31. bxc4 Rb8 32. Kh1 Qb7 33. dxc5 dxc5 34. g4 fxg4 35.
Bxg4 Nxg4 36. Rxg4 Qb3 37. Qc1 Qb1 38. Rg1 Qxc1 39. Rxc1 Rb4 40. a5 Bd6 41. Rf2
Rb3 42. Rc3 Rb2 43. Bc1 Ra2 44. Kg2 Nf6 45. Ng3 Rxf2+ 46. Kxf2 Rb7 47. f5 Be5
48. Ra3 Rb1 49. Bg5 Ng4+ 50. Kg2 Bxg3 51. Kxg3 gxf5 52. d6 Rd1 53. Bf4 Rf1 54.
Bg5 Rd1 55. Kf4 e3 56. Kxf5 e2 57. Bh4 Nxh6+ 58. Ke6 e1=Q+ 59. Bxe1 Rxe1+ 60.
Kd5 Rd1+ 61. Kxc5 Nf5 62. Rb3 Nxd6 63. Rg3+ Kf7 64. Rh3 Ne4+ 65. Kb6 Ng5 66.
Rh2 Rd6+ 67. Kb7 Kg6 68. c5 Rf6 69. c6 Ne6 70. Rg2+ Kh6 71. Rh2+ Kg7 72. Rg2+
Kf8 73. Rh2 h6 74. c7 Rf7 75. Rxh6 Nxc7 76. Rh8+ Kg7 77. Rc8 Nd5+ 78. Kxa6
 1/2-1/2

[Event "2. Bundesliga Ost 2018/2019"]
[Site "alle Wien"]
[Date "2019.01.13"]
[Round "7"]
[Board "4"]
[White "Franzen, Jozef"]
[Black "Druckenthaner, Andreas"]
[Result "1-0"]
[WhiteElo "2256"]
[BlackElo "2304"]
[PlyCount "103"]
[EventDate "2018.10.06"]
[EventType "team"]
[EventRounds "11"]
[EventCountry "AUT"]
[WhiteTeam "ASVOE Pamhagen"]
[BlackTeam "SK Austria"]

1. e4 Nc6 2. Nf3 d6 3. d4 Nf6 4. Nc3 g6 5. Bb5 a6 6. Bxc6+ bxc6 7. Bg5 Bg7 8.
Qd2 O-O 9. Bh6 Bg4 10. Bxg7 Kxg7 11. Qf4 Bxf3 12. Qxf3 Nd7 13. O-O e5 14. dxe5
Nxe5 15. Qe2 Qb8 16. Rab1 Qb6 17. Kh1 Rae8 18. f4 Nd7 19. Qf3 f5 20. exf5 Re3
21. Qf2 Rxf5 22. Na4 Qd4 23. Rbd1 Qe4 24. Nc3 Qe6 25. Rd3 Rxd3 26. cxd3 Nc5 27.
Qf3 d5 28. Ne2 Rf7 29. Ng3 Nd7 30. f5 gxf5 31. Nxf5+ Kh8 32. g4 c5 33. Qg3 Qe5
34. Qxe5+ Nxe5 35. Re1 Ng6 36. Re6 Rf8 37. Rxa6 Ne5 38. h3 Nxd3 39. b3 Nb4 40.
Ra7 Rc8 41. Kg2 d4 42. Kf3 d3 43. Ke3 Re8+ 44. Kd2 Re2+ 45. Kd1 h5 46. Rxc7
hxg4 47. hxg4 Rxa2 48. Rxc5 Rb2 49. Nd4 Nc2 50. Kc1 Nxd4 51. Kxb2 d2 52. Rh5+
 1-0

[Event "2. Bundesliga Ost 2018/2019"]
[Site "alle Wien"]
[Date "2019.01.13"]
[Round "7"]
[Board "5"]
[White "Pernerstorfer, Johannes"]
[Black "Lovrinovic, Christian"]
[Result "0-1"]
[WhiteElo "2008"]
[BlackElo "2106"]
[PlyCount "60"]
[EventDate "2018.10.06"]
[EventType "team"]
[EventRounds "11"]
[EventCountry "AUT"]
[WhiteTeam "SK Austria"]
[BlackTeam "ASVOE Pamhagen"]

1. e4 c5 2. Nf3 d6 3. Bb5+ Nd7 4. O-O a6 5. Bxd7+ Bxd7 6. c4 Qc7 7. Nc3 e6 8.
Re1 Ne7 9. d3 Ng6 10. Bg5 h6 11. Be3 Be7 12. d4 O-O 13. dxc5 dxc5 14. Qe2 b6
15. Rad1 Bc6 16. h4 Rfd8 17. h5 Nf4 18. Bxf4 Qxf4 19. g3 Qc7 20. e5 Qb7 21. Nd2
Rd4 22. Nde4 Rad8 23. Rb1 b5 24. cxb5 axb5 25. f3 b4 26. Nd1 Qc7 27. Ndf2 Qxe5
28. f4 Qd5 29. Qg4 f5 30. Qg6 Be8  0-1

[Event "2. Bundesliga Ost 2018/2019"]
[Site "alle Wien"]
[Date "2019.01.13"]
[Round "7"]
[Board "6"]
[White "Prinzjakowitsch, Bernhard"]
[Black "Iro, Christian"]
[Result "0-1"]
[WhiteElo "2117"]
[BlackElo "2045"]
[PlyCount "52"]
[EventDate "2018.10.06"]
[EventType "team"]
[EventRounds "11"]
[EventCountry "AUT"]
[WhiteTeam "ASVOE Pamhagen"]
[BlackTeam "SK Austria"]

1. e4 c6 2. d4 d5 3. Nc3 dxe4 4. Nxe4 Bf5 5. Ng3 Bg6 6. Nf3 Nd7 7. Be2 e6 8.
O-O Ngf6 9. c4 Qc7 10. Be3 h6 11. Qb3 Bd6 12. Nh4 Bh7 13. f4 g5 14. fxg5 hxg5
15. Bxg5 Ne4 16. Nxe4 Bxh2+ 17. Kf2 Bxe4 18. Qe3 f6 19. Bg4 fxg5 20. Qxe4 Rxh4
21. Qg6+ Kd8 22. Ke2 Qd6 23. Rf7 Kc7 24. c5 Qd5 25. Kd3 Rg8 26. Qxe6 Rxg4  0-1

[Event "2. Bundesliga Ost 2018/2019"]
[Site "alle Wien"]
[Date "2019.01.13"]
[Round "7"]
[Board "1"]
[White "Penz, Harald"]
[Black "Stanec, Nikolaus"]
[Result "0-1"]
[WhiteElo "2317"]
[BlackElo "2473"]
[PlyCount "40"]
[EventDate "2018.10.06"]
[EventType "team"]
[EventRounds "11"]
[EventCountry "AUT"]
[WhiteTeam "SK Hietzing"]
[BlackTeam "SC Donaustadt"]

1. e4 g6 2. d4 Bg7 3. c3 d6 4. Bd3 e5 5. Ne2 Nc6 6. Be3 Nf6 7. f3 O-O 8. d5 Ne7
9. g4 c6 10. c4 b5 11. b3 bxc4 12. bxc4 cxd5 13. cxd5 Nfxd5 14. exd5 e4 15.
Nec3 exd3 16. Qxd3 f5 17. Bd4 fxg4 18. Bxg7 Rxf3 19. Qd4 Nf5 20. Qxg4 Re3+  0-1

[Event "2. Bundesliga Ost 2018/2019"]
[Site "alle Wien"]
[Date "2019.01.13"]
[Round "7"]
[Board "2"]
[White "Pingitzer, Harald"]
[Black "Belke, Frank"]
[Result "1-0"]
[WhiteElo "2314"]
[BlackElo "2300"]
[PlyCount "106"]
[EventDate "2018.10.06"]
[EventType "team"]
[EventRounds "11"]
[EventCountry "AUT"]
[WhiteTeam "SC Donaustadt"]
[BlackTeam "SK Hietzing"]

1. Nf3 Nf6 2. d4 g6 3. g3 Bg7 4. Bg2 d5 5. c4 dxc4 6. Na3 c3 7. bxc3 O-O 8. O-O
c5 9. Rb1 Nc6 10. Ne5 Nd5 11. Qb3 Nxe5 12. dxe5 Nb6 13. Rd1 Qe8 14. f4 Bf5 15.
Rb2 c4 16. Qb4 Na4 17. Rbd2 a5 18. Qxb7 Nxc3 19. Qxa8 Qxa8 20. Bxa8 Nxd1 21.
Bf3 Nc3 22. Nxc4 Rc8 23. Nxa5 Nb1 24. Rd1 Nc3 25. Re1 Bf8 26. Ba3 Nb5 27. Bb4
Nd4 28. Rd1 Nxf3+ 29. exf3 Rc2 30. g4 Be6 31. a3 h5 32. h3 Kg7 33. Rd8 h4 34.
Nb7 Rc1+ 35. Kf2 Rc2+ 36. Rd2 Rxd2+ 37. Bxd2 Bd5 38. Na5 e6 39. Bb4 Kg8 40. Ke3
Bg7 41. g5 Bf8 42. Bd6 Kg7 43. a4 Kg8 44. Kd4 Bxf3 45. Nc4 Bg2 46. Nd2 Bxh3 47.
Nf3 Bg2 48. Nxh4 Bh1 49. a5 Bxd6 50. exd6 Kf8 51. Ke3 Bb7 52. Nf3 f6 53. gxf6
Kf7  1-0

[Event "2. Bundesliga Ost 2018/2019"]
[Site "alle Wien"]
[Date "2019.01.13"]
[Round "7"]
[Board "3"]
[White "Schroll, Gerhard"]
[Black "Froewis, Annika"]
[Result "1/2-1/2"]
[WhiteElo "2304"]
[BlackElo "2113"]
[PlyCount "104"]
[EventDate "2018.10.06"]
[EventType "team"]
[EventRounds "11"]
[EventCountry "AUT"]
[WhiteTeam "SK Hietzing"]
[BlackTeam "SC Donaustadt"]

1. e4 e5 2. Nf3 Nc6 3. d4 exd4 4. Nxd4 Nf6 5. Nxc6 bxc6 6. e5 Qe7 7. Qe2 Nd5 8.
c4 Nb6 9. Nc3 Qe6 10. Bd2 a5 11. Qe4 d5 12. exd6 Bxd6 13. Bd3 O-O 14. O-O f5
15. Qxe6+ Bxe6 16. b3 Rfd8 17. Rad1 Bxh2+ 18. Kxh2 Rxd3 19. Rfe1 Kf7 20. Re3
Rad8 21. Rxd3 Rxd3 22. f3 a4 23. bxa4 Bxc4 24. a5 Nd5 25. Be1 Re3 26. Rc1 g6
27. a6 Bxa6 28. Nxd5 cxd5 29. Rxc7+ Re7 30. Rxe7+ Kxe7 31. Bc3 Kd6 32. Bd4 Kc6
33. a4 Bc4 34. f4 Kb7 35. Kg3 Ka6 36. Kf2 Ka5 37. Ke3 Kxa4 38. g3 Kb3 39. Bb6
Bf1 40. Kf2 Bd3 41. Ke3 Be4 42. Ba5 Kc4 43. Bb6 h6 44. Bd4 g5 45. fxg5 f4+ 46.
gxf4 h5 47. Bb6 h4 48. Kf2 d4 49. Kg1 d3 50. Ba5 Kd5 51. Kh2 Bf5 52. g6 Bxg6
 1/2-1/2

[Event "2. Bundesliga Ost 2018/2019"]
[Site "alle Wien"]
[Date "2019.01.13"]
[Round "7"]
[Board "4"]
[White "Kropik, Martin"]
[Black "Mozny, Milos"]
[Result "1/2-1/2"]
[WhiteElo "2098"]
[BlackElo "2283"]
[PlyCount "91"]
[EventDate "2018.10.06"]
[EventType "team"]
[EventRounds "11"]
[EventCountry "AUT"]
[WhiteTeam "SC Donaustadt"]
[BlackTeam "SK Hietzing"]

1. d4 d5 2. c4 e6 3. Nc3 c5 4. cxd5 exd5 5. Nf3 Nc6 6. g3 Nf6 7. Bg2 c4 8. O-O
Be7 9. Ne5 O-O 10. Bg5 Be6 11. b3 Qa5 12. Nxc6 bxc6 13. Qc2 Rac8 14. bxc4 dxc4
15. Bd2 Qh5 16. Rab1 c5 17. dxc5 Bxc5 18. e3 Bf5 19. e4 Bh3 20. Na4 Bd4 21. Bc3
Bxc3 22. Nxc3 Ng4 23. Rb5 f5 24. exf5 a6 25. Rd5 Bxg2 26. Kxg2 Qxh2+ 27. Kf3
Qh3 28. Re1 Nh2+ 29. Ke3 Rfe8+ 30. Ne4 Qg2 31. Re2 Nf3 32. Rd7 Ng5 33. Kf4
Rxe4+ 34. Rxe4 Qxe4+ 35. Qxe4 Nxe4 36. Kxe4 c3 37. Rd1 c2 38. Rc1 Kf7 39. Kd3
Kf6 40. Rxc2 Rxc2 41. Kxc2 Kxf5 42. f3 h5 43. Kd3 g5 44. Ke3 h4 45. gxh4 gxh4
46. Kf2  1/2-1/2